000 00310nam a22001337a 4500
008 170401b xxu||||| |||| 00| 0 eng d
020 _a9781556426087
041 _aeng
080 _a617
100 _a8
101 _aSHM
245 _aBREAKING THE COLOR LINE IN MEDICINE
_cJOHNSON, L.N
942 _2udc
_cBK
999 _c9362
_d9362